000 004100000a22001690004500
003 MACL
005 20160109155122.0
008 160109b xxu||||| |||| 00| 0 eng d
040 _aMACL
_cMACL
041 _aEnglish
082 _a910/SEN
100 _aSenart, E
_930544
245 _aInscriptions De Piyadasi
260 _bImprimerie Nationale
_aParis
650 _aTravel
_930545
942 _cBK
_k910/SEN
_2ddc
999 _c39142
_d39142